95 [i.e. Noventa y cinco] Salón de Maestros del Arte Popular (Record no. 9128)

MARC details
000 -CABECERA
campo de control de longitud fija 00589nam a2200193 a 4500
001 - NÚMERO DE CONTROL
campo de control BRL_315
005 - FECHA Y HORA DE LA ÚLTIMA TRANSACCIÓN
campo de control 20190320210700.0
008 - DATOS DE LONGITUD FIJA--INFORMACIÓN GENERAL
campo de control de longitud fija 290713s1995----mx-a######---#000-0#spa-#
041 ## - CÓDIGO DE LENGUA
Código de lengua del texto/banda sonora o título independiente spa
044 ## - CÓDIGO DEL PAÍS DE LA ENTIDAD EDITORA/PRODUCTORA
Código MARC del país mx
050 #4 - SIGNATURA TOPOGRÁFICA DE LA BIBLIOTECA DEL CONGRESO
Número de clasificación NK844
Número de documento/Ítem .S68 1995
245 10 - MENCIÓN DE TÍTULO
Título 95 [i.e. Noventa y cinco] Salón de Maestros del Arte Popular
Resto del título Bancomer.
260 ## - PUBLICACIÓN, DISTRIBUCIÓN, ETC.
Lugar de publicación, distribución, etc. México
Nombre del editor, distribuidor, etc. Fundación Cultural Bancomer
Fecha de publicación, distribución, etc. [1995]
300 ## - DESCRIPCIÓN FÍSICA
Extensión 80 p.
Otras características físicas il. (algunas a color)
Dimensiones 28 cm.
Material acompañante/anejo 1 invitación
500 ## - NOTA GENERAL
Nota general Au772
650 14 - PUNTO DE ACCESO ADICIONAL DE MATERIA--TÉRMINO DE MATERIA
Término de materia o nombre geográfico como elemento de entrada Arte popular
Subdivisión de forma Exposiciones
Subdivisión general Historia
Subdivisión cronológica Siglo XX
Subdivisión geográfica México
9 (RLIN) 4706
902 ## - CATALOGADOR
Iniciales GRL
942 ## - ELEMENTOS DE PUNTO DE ACCESO ADICIONAL (KOHA)
Fuente del sistema de clasificación o colocación Library of Congress Classification
Tipo de ítem Koha Libros
Holdings
Estado de retiro Estado de pérdida Estado dañado No para préstamo Localización permanente Ubicación/localización actual Fecha de adquisición Número de inventario Total de préstamos Signatura topográfica completa Código de barras Fecha visto por última vez Precio válido a partir de Tipo de ítem Koha
El ejemplar forma parte de la colección y puede ser consultado según las políticas vigentes.       Biblioteca Centro de Estudios Ruth D. Lechuga Biblioteca Centro de Estudios Ruth D. Lechuga 29/07/2013 Au772   NK844 .S68 1995 (Au772) GRL00332 22/03/2019 22/03/2019 Libros